| 000 | 00698nam a22002295i 4500 | ||
|---|---|---|---|
| 001 | 53317 | ||
| 003 | ES-MaACL | ||
| 005 | 20230906162738.0 | ||
| 007 | t| | ||
| 008 | 950921s1885 sp ||||1| spa d | ||
| 040 |
_aCAM _bspa _cCAM |
||
| 100 | 0 |
_aErckmann-Chatrian. _947367 |
|
| 245 | 1 | 0 |
_aHistoria de un plebiscito _b: contada por uno de los 7.500.000 SI / _cpor Erckmann-Chatrian; traducción de Luis Calvo. |
| 260 |
_aBarcelona : _bLuis Tasso Serra, _c1885. |
||
| 300 |
_a91 p. ; _c29 cm. |
||
| 490 | 1 | _aNovelas populares | |
| 700 |
_aCalvo, Luis _etrl _9227326 |
||
| 830 | 0 |
_aNovelas populares _9227322 |
|
| 852 |
_aES-MaACL _jT-665-F-5 |
||
| 942 | _2udc | ||
| 999 |
_c53317 _d53317 |
||